000 00410nam a22001217a 4500
999 _c10194
_d10194
003 OSt
008 201218b ||||| |||| 00| 0 eng d
245 _aIEEMA Journal
250 _a2007(Mar Vol.27 No.3, Apr Vol.27 No.4, May Vol.27 No.5, Jun Vol.27 No.6)
260 _aMumbai
_bIndian Electrical and Electronics Manufacturers Association
650 _aElectronics and Communication Engineering
942 _2ddc
_cBV